000 00338nam a2200145Ia 4500
008 230917s9999||||xx |||||||||||||| ||und||
040 _e114660
_aMAIN
041 _aEnglish
082 _a823.7 D555O
100 _aDickens, Charles
245 0 _aOliver twist
260 _aDelhi
_bPeacack
_c2003
300 _aviii,472p p.
942 _cBK
999 _c122366
_d122366